000
00305nam a22001337a 4500
020
_a
978-93-5482-479-1
082
_a
894.812.3
_b
KRI/P
100
_a
KRISHNAMOORTHI, KALKKI
245
_a
PONNIYIL SELVAN
260
_a
KOTTAYAM
_b
DC BOOKS
300
_a
582
650
_a
MALAYALAM NOVEL
_z
KERALA
942
_c
BK
999
_c
7177
_d
7177